000 00736nam a2200205Ii 4500
003 JO-AjNU
008 230605s9999||||xx |||||||||||||| ||und||
040 _aJO-AjNU
_bara
_erda
_cJO-AjNU
041 _aara
050 1 4 _aPJ7976.U456.M8 2009
100 3 _aالزغول، رفعات راجي,
_eauthor
_948612
245 0 0 _aقصص وأحداث من واقع الحياة: مذكرات طبيب أسنان
250 _aط1
264 3 1 _aعمان:أمواج للطباعة والنشر،2009
300 _a126ص
336 _atext
_btxt
_2rdacontent
337 _aunmediated
_bn
_2rdamedia
338 _avolume
_bnc
_2rdacarrier
650 4 _aالأدب العربي - تراجم - السيرة الذاتية - طب أسنان
_948613
999 _aA21301
_c24869
_d24869